| 000 | 01545nam a22003257a 4500 | ||
|---|---|---|---|
| 999 |
_c29073 _d29044 |
||
| 003 | EG-ScBUE | ||
| 005 | 20210220112823.0 | ||
| 008 | 090715s1999 ir f 000 0 ara d | ||
| 020 | _a9646781004 (vol. 1) | ||
| 020 | _a9646781020 (vol. 2) | ||
| 020 | _a9646781217 (vol. 3) | ||
| 020 | _a9646781071 (3 vol. set) | ||
| 040 |
_aEG-ScBUE _bara _erda _cEG-ScBUE _dEG-ScBUE |
||
| 082 | 0 | 4 |
_a892.71009 _bع م ا _222 |
| 100 | 1 |
_98030 _aعماد الدين الكاتب، محمد بن محمد،، _d519-597 هـ.، _eمؤلف. |
|
| 245 | 1 | 0 |
_aخريدة القصر وجريدة العصر : _bقسم شعراء بلاد العجم / _cتأليف عماد الدين الأصبهاني المتوفى 597 هـ. ؛ تقديم وتحقيق الدكتور عدنان محمد آل طعمة. |
| 250 | _aالطبعة الأولى. | ||
| 264 | 1 |
_aطهران : _bمرآة التراث، _c1999. |
|
| 300 |
_a3 مجلد ؛ _c24 سم |
||
| 336 |
_2rdacontent _aنص _btxt |
||
| 337 |
_2rdamedia _aبدون وسيط _bn |
||
| 338 |
_2rdacarrier _aمجلد _bnc |
||
| 505 | 0 | 0 | _aالمجلد السابع. في ذكر فضلاء أهل أصفهان -- المجلد الثامن. في ذكر فضلاء أهل خراسان وهراة -- المجلد التاسع. في ذكر فضلاء أهل فارس. |
| 650 | 7 |
_98043 _aالشعر العربي _vتاريخ ونقد. _2BUEsh |
|
| 651 | _2BUEsh | ||
| 653 |
_bARALIT _cFebruary2021 |
||
| 655 |
_vReading book _934232 |
||
| 700 | 1 |
_aآل طعمة، عدنان محمد، _eمقدم. |
|
| 942 |
_2ddc _cBB |
||